Textbook of Midwifery and Reproductive Health Nursing (Record no. 154595)

MARC details
000 -LEADER
fixed length control field 00376nam a2200133Ia 4500
008 - FIXED-LENGTH DATA ELEMENTS--GENERAL INFORMATION
fixed length control field 230411s9999 xx 000 0 und d
041 ## - LANGUAGE CODE
Language code of text/sound track or separate title eng
082 ## - DEWEY DECIMAL CLASSIFICATION NUMBER
Classification number OG/610.73678/BAS/B03783
100 ## - MAIN ENTRY--PERSONAL NAME
Personal name Basavanthappa BT
245 ## - TITLE STATEMENT
Title Textbook of Midwifery and Reproductive Health Nursing
260 ## - PUBLICATION, DISTRIBUTION, ETC. (IMPRINT)
Name of publisher, distributor, etc. Jaypee Brothers
Place of publication, distribution, etc. New Delhi
Date of publication, distribution, etc. 2006
300 ## - PHYSICAL DESCRIPTION
Extent 812p
Holdings
Withdrawn status Lost status Damaged status Not for loan Collection code Home library Current library Date acquired Vendor Cost, normal purchase price Bill number Total Checkouts Full call number Barcode Date last seen Cost, replacement price Bill Date Koha item type Original Barcode
        Gynecology Smt. Bakul Tambat Institute of Nursing Education Smt. Bakul Tambat Institute of Nursing Education 02/11/2006 Jaypee Brothers Medical Publishers 495.00 1455   OG 610.73678 BAS B03783 BTIN-BK-3783 11/04/2023 495.00 11/09/2007 Books B03783